00732nam a22002177a 4500999001500000001000600015003000900021005001700030008004100047040003800088082002400126245004400150260006200194300002000256500002000276505001000296650004300306710002700349942001200376952012600388 c1748d174811128BD-DhUAP20200216112619.0200216s2005 bg ||||| |||| 00| 0 eng d aBD-DhUAPbEngcBD-DhUAPdBD-DhUAP 223a348.5492046 DLR aDLR's 36-year civil digest (1949-1984). aDhaka :bBangladesh law reports,cc1990 [Reprinted 2005]. aparts ;c25 cm. aIncludes index. aP.3-- aLaw reports, digests, etczBangladesh. aBangladesh law reports 2ddccBK 00102ddc4070aUAPCLbUAPCLcGeneral Stacksd2020-02-16o348.5492046 DLR P-3p3010011128r2020-02-16t1w2020-02-16yBK